Adam Sandler movies released after 2004 - Statistics

General Stats
  • This quiz has been taken 69 times
  • The average score is 5 of 14
Answers on the Grid
Answers color-coded by a green-red scale on the quiz's grid according to % correct below.
Grown Ups
Grown Ups 2
Just Go With It
Happy Gilmore
Hubie Halloween
50 First Dates
Billy Madison
The Waterboy
Click
Big Daddy
That's My Boy
Pixels
You Don't Mess with the Zohan
The Wedding Singer
Uncut Gems
Hustle
Little Nicky
Chuck & Larry
Coneheads
Hotel Transylvania
Murder Mystery
Mr Deeds
Anger Management
The Week Of
 
Answer Stats
Answer % Correct
Grown Ups 2
93%
Grown Ups
80%
Just Go With It
63%
Hubie Halloween
43%
Pixels
35%
Murder Mystery
28%
That's My Boy
28%
Hotel Transylvania
25%
Hustle
23%
Uncut Gems
23%
Click
20%
You Don't Mess with the Zohan
20%
The Week Of
18%
Chuck & Larry
13%
No matching quizzes found
Score Distribution
Percent of People with Each Score
Percentile by Number Answered
Your Score History
You have not taken this quiz